Elektronické formy marketingu využitelné při řízení firem ve 21. století
Podnik z hľadiska spoločenskej zodpovednosti. Realizácia marketingového riadenia v praxi: nové smery vo vývoji marketingu, internetový marketing Funkcie internetu. Elektronické formy marketingu v českej podnikovej praxi.
Salvato in:
| Autore principale: | |
|---|---|
| Natura: | Capitolo di libro |
| Lingua: | ceco |
| Soggetti: | |
| Tags: |
Nessun Tag, puoi essere il primo ad aggiungerne!!
|
MARC
| LEADER | 00000naa$a2200000$$$4500 | ||
|---|---|---|---|
| 001 | 0069038 | ||
| 005 | 20231011093656.6 | ||
| 041 | 0 | |a cze | |
| 044 | |a SK | ||
| 245 | 1 | 0 | |a Elektronické formy marketingu využitelné při řízení firem ve 21. století |c Michal Pilík |
| 520 | |a Podnik z hľadiska spoločenskej zodpovednosti. Realizácia marketingového riadenia v praxi: nové smery vo vývoji marketingu, internetový marketing Funkcie internetu. Elektronické formy marketingu v českej podnikovej praxi. | ||
| 610 | 2 | 0 | |a marketing |
| 610 | 2 | 0 | |a riadenie podnikové |
| 610 | 2 | 0 | |a internet |
| 610 | 2 | 0 | |a reklama |
| 610 | 2 | 0 | |a firmy |
| 100 | 1 | |a Pilík, Michal | |